[Event "Londrina op"]
[Site "Londrina"]
[Date "2024.11.08"]
[Round "1"]
[White "Cordeiro, Marco Aurelio Zaror"]
[Black "Batista, Arthur Henrique Bru"]
[Result "1-0"]
[WhiteElo "2081"]
[BlackElo "1813"]
[PlyCount "105"]
[EventDate "2024.11.08"]
[EventType "swiss"]
[EventRounds "6"]
[EventCountry "BRA"]
[SourceTitle "CB45_2024"]
[Source "ChessBase"]
[SourceDate "2024.11.06"]
[SourceVersion "1"]
[SourceVersionDate "2024.11.06"]
[SourceQuality "1"]

1. e4 c6 2. d4 d5 3. f3 e6 4. e5 c5 5. c3 Nc6 6. f4 Qb6 7. Nf3 Nh6 8. Bd3 Bd7 9. Bc2 Be7 10. 0-0 0-0 11. Kh1 Rac8 12. dxc5 Qxc5 13. Nbd2 Ng4 14. Nb3 Nf2+ 15. Rxf2 Qxf2 16. Qd3 g6 17. Be3 Nb4 18. Bxf2 Nxd3 19. Bxd3 b6 20. Nbd4 Kg7 21. a4 Bc5 22. Kg1 a5 23. g3 Rfd8 24. Kf1 Rc7 25. Ke1 h6 26. Be3 Be8 27. Bd2 Bf8 28. g4 Kg8 29. f5 exf5 30. gxf5 g5 31. h3 Bd7 32. Kd1 Re8 33. Kc2 Bg7 34. f6 Bf8 35. Bb5 Bc5 36. Bxd7 Rxd7 37. Re1 Bf8 38. Kd3 Rc7 39. Nb5 Rd7 40. Be3 Bc5 41. Bd4 Re6 42. Rg1 Kh8 43. h4 gxh4 44. Rg4 Kh7 45. Rg7+ Kh8 46. Nxh4 Rd8 47. Bxc5 bxc5 48. Nd6 Rdxd6 49. exd6 Rxd6 50. Rxf7 Kg8 51. Rg7+ Kf8 52. Ng6+ Ke8 53. f7+ 1-0